000 00272nam a22001217a 4500
008 170717b xxu||||| |||| 00| 0 eng d
041 _aeng
080 _22ND
_a2
100 _a24
101 _aTEO
245 _aEXPLORING THE EUROPEAN PAST
_cGREGORY, T.E
942 _2udc
_cBK
999 _c21387
_d21387